La sombra / (Record no. 186782)
[ view plain ]
| 000 -LEADER | |
|---|---|
| campo de control de longitud fija | 00745nam a2200205 i 4500 |
| 001 - NÚMERO DE CONTROL | |
| campo de control | 186782 |
| 003 - IDENTIFICADOR DE NÚMERO DE CONTROL | |
| campo de control | ES-MaACL |
| 005 - FECHA Y HORA DE LA ÚLTIMA TRANSACCIÓN | |
| campo de control | 20230906222738.0 |
| 008 - DATOS DE LONGITUD FIJA--INFORMACIÓN GENERAL | |
| campo de control de longitud fija | 170215s1910 sp |||| | spa d |
| 080 ## - NÚMERO DE LA CLASIFICACIÓN DECIMAL UNIVERSAL | |
| Número de la Clasificación Decimal Universal | 821.134.2-32"18" |
| 100 1# - ENTRADA PRINCIPAL--NOMBRE DE PERSONA | |
| Nombre de persona | Trigo, Felipe. |
| 9 (RLIN) | 111409 |
| 245 13 - MENCIÓN DEL TÍTULO | |
| Título | La sombra / |
| Mención de responsabilidad, etc. | novela de Felipe Trigo ; ilustraciones de Fernández Mota. |
| 260 ## - PUBLICACIÓN, DISTRIBUCIÓN, ETC. | |
| Lugar de publicación, distribución, etc. | Madrid : |
| Nombre del editor, distribuidor, etc. | Los Contemporáneos, |
| Fecha de publicación, distribución, etc. | 1910. |
| 300 ## - DESCRIPCIÓN FÍSICA | |
| Extensión | [20] p. : |
| Otras características físicas | il. ; |
| Dimensiones | 27 cm. |
| 490 1# - MENCIÓN DE SERIE | |
| Mención de serie | Los contemporáneos ; |
| Designación de volumen o secuencia | 85 |
| 700 1# - ENTRADA AGREGADA--NOMBRE PERSONAL | |
| Nombre de persona | Mota, F. ( |
| Fechas asociadas al nombre | fl. 1901) |
| 9 (RLIN) | 49947 |
| 830 1# - PUNTO DE ACCESO ADICIONAL DE SERIE-TÍTULO UNIFORME | |
| Título uniforme | Los contemporáneos ; |
| Designación de volumen o secuencia | 85 |
| 9 (RLIN) | 185715 |
| 852 4# - LOCALIZACIÓN | |
| Ubicación | ES-MaACL |
| Número de control de estantería | R-2599(7) |
| Nota libre | - Ejemplar en mal estado; falta texto; prólogo intercalado en el n. 81 de los Contemporáneas |
| Estatus retirado | Estado de pérdida | Estado de daño | No para préstamo | Biblioteca de origen | Biblioteca actual | Ubicación en estantería | Fecha de adquisición | Fuente de adquisición | Total de préstamos | Signatura topográfica completa | Código de barras | Visto por última vez | Precio de reemplazo | Tipo de ítem Koha |
|---|---|---|---|---|---|---|---|---|---|---|---|---|---|---|
| Biblioteca del Ateneo de Madrid | Biblioteca del Ateneo de Madrid | Depósito | 15/02/2017 | R-2599(7) | 1197018 | 23/02/2023 | 23/02/2023 | Libro impreso |
